00383 2200169 4500245003200000020001800032250001100050700001400061100001800075650001700093005001900110260002600129041001400155084000800169300002700177336000900204 aAku RapopocMoh. RidohText a602-220-120-9 aCet. 1 aMoh. Rido aZonaSalahGaul aFiksi Komedi a20230117090427 aJakartabBukunec2014 aIndonesia a813 avi, 178 hlm. :c19 cm. atext